=LDR 00000nam 2200000 4500 =001 INLIS000000000031945 =005 20130612134001 =008 ***********************************ind** =035 ##$$a0010-061300000031945 =041 ##$$a ind =082 ##$$a 372.3 =090 ##$$a 372.3, Ens e =245 ##$$a Ensiklopedi Percobaan Sains, Percobaan Dengan Pegas, Editor,Aprio rabadi, Sucipto, Ade Rully Firmansyah =260 ##$$a 2008 $b Jakarta =300 ##$$a 32 hal, Ilus, 26 cm =650 ##$$a Pendidikan Dasar-Sains =700 ##$$a Rabadi, Aprio =850 ##$$a NBPNMAT =990 ##$$a 21400613/BPAP-NTB/20142014